BIM for heritage (Record no. 116143)

MARC details
000 -LEADER
fixed length control field 01620cam a22002655a 4500
001 - CONTROL NUMBER
control field L159892
008 - FIXED-LENGTH DATA ELEMENTS--GENERAL INFORMATION
fixed length control field 180321s2017 xxk f 000 0 eng d
035 ## - SYSTEM CONTROL NUMBER
System control number (Sirsi) u159892
041 ## - LANGUAGE CODE
Language code of text/sound track or separate title eng
050 ## - LIBRARY OF CONGRESS CALL NUMBER
Classification number 690.241 $2 18
110 ## - MAIN ENTRY--CORPORATE NAME
Corporate name or jurisdiction name as entry element Historic England
9 (RLIN) 6175
245 ## - TITLE STATEMENT
Title BIM for heritage
Remainder of title Developing a historic building information model
Medium [electronic resource]
260 ## - PUBLICATION, DISTRIBUTION, ETC.
Place of publication, distribution, etc. Swindon
Name of publisher, distributor, etc. Historic England
Date of publication, distribution, etc. 2017
300 ## - PHYSICAL DESCRIPTION
Extent Offers guidance for owners, end-users and professionals in the fields of heritage and construction. By raising awareness of the potential advantages of a BIM approach, this guidance will help users successfully implement BIM in heritage projects. Historic BIM is, by definition, a multi-disciplinary process that requires the input and collaboration of professionals with very different skillsets. It is also a fast-developing field in terms of research, official guidance, standards and professional practice. This publication addresses the issues surrounding the production and use of BIM for historic buildings, and provides information about guidance and standards available elsewhere for managing a building?s entire life cycle effectively.
650 24 - SUBJECT ADDED ENTRY--TOPICAL TERM
Topical term or geographic name entry element BIM
9 (RLIN) 6219
650 24 - SUBJECT ADDED ENTRY--TOPICAL TERM
Topical term or geographic name entry element HERITAGE MANAGEMENT
650 24 - SUBJECT ADDED ENTRY--TOPICAL TERM
Topical term or geographic name entry element LIFE CYCLE
650 24 - SUBJECT ADDED ENTRY--TOPICAL TERM
Topical term or geographic name entry element CONSERVATION
650 24 - SUBJECT ADDED ENTRY--TOPICAL TERM
Topical term or geographic name entry element HISTORIC BUILDINGS
651 #4 - SUBJECT ADDED ENTRY--GEOGRAPHIC NAME
Geographic name United Kingdom
Chronological subdivision
700 ## - ADDED ENTRY--PERSONAL NAME
Personal name Antonopoulou, Sofia
700 1# - ADDED ENTRY--PERSONAL NAME
Personal name Bryan, Paul
856 40 - ELECTRONIC LOCATION AND ACCESS
Uniform Resource Identifier <a href="https://content.historicengland.org.uk/images-books/publications/bim-for-heritage/heag-154-bim-for-heritage.pdf/">https://content.historicengland.org.uk/images-books/publications/bim-for-heritage/heag-154-bim-for-heritage.pdf/</a>
Public note View the item free of charge at historicengland.org.uk
942 ## - ADDED ENTRY ELEMENTS (KOHA)
Suppress in OPAC 0
Holdings
Withdrawn status Lost status Source of classification or shelving scheme Damaged status Not for loan Home library Current library Shelving location Date acquired Total Checkouts Full call number Barcode Date last seen Copy number Price effective from Koha item type
    Dewey Decimal Classification     Virtual Virtual Online 22/03/2018   ONLINE PUBLICATION 159892-2001 06/08/2019 1 06/08/2019 Book